Техническая электродинамика (Запись № 6181869)

Подробности
000 -МАРКЕР
контрольное поле 01188nas0a22002531i 4500
001 - ИДЕНТИФИКАТОР ЗАПИСИ
контрольное поле rc\2228690
005 - ИДЕНТИФИКАТОР ВЕРСИИ
контрольное поле 20240728133550.0
011 ## - МЕЖДУНАРОДНЫЙ СТАНДАРТНЫЙ НОМЕР СЕРИАЛЬНОГО ИЗДАНИЯ (ISSN)
Номер (ISSN) 0204-3599
035 ## - ДРУГИЕ СИСТЕМНЫЕ НОМЕРА
Идентификатор записи (NLR Aleph) 006496002
100 ## - ДАННЫЕ ОБЩЕЙ ОБРАБОТКИ
Данные общей обработки 20110829b19791995|||y0rusy50 ca
101 0# - ЯЗЫК РЕСУРСА
Язык текста, звукозаписи и т.д. русский
102 ## - СТРАНА ПУБЛИКАЦИИ ИЛИ ПРОИЗВОДСТВА
Страна публикации Российская Федерация
110 ## - ПОЛЕ КОДИРОВАННЫХ ДАННЫХ: ПРОДОЛЖАЮЩИЕСЯ РЕСУРСЫ
Кодированные данные продолжающегося ресурса ag
200 1# - ЗАГЛАВИЕ И СВЕДЕНИЯ ОБ ОТВЕТСТВЕННОСТИ
Основное заглавие Техническая электродинамика
Сведения, относящиеся к заглавию Науч.-прикл. журн.
Первые сведения об ответственности АН УССР. Отд-ние физ.-техн. пробл. энергетики АН УССР
210 ## - ПУБЛИКАЦИЯ, РАСПРОСТРАНЕНИЕ И ДР.
Место издания, распространения и т.д. Киев
Имя издателя, распространителя и т. д. Наук. думка
Дата издания, распространения и т.д. 1979-1995
311 ## - ПРИМЕЧАНИЯ, ОТНОСЯЩИЕСЯ К ПОЛЯМ СВЯЗИ (ПРИМЕЧАНИЯ О СВЯЗИ С ДРУГИМИ ПРОИЗВЕДЕНИЯМИ (ИЗДАНИЯМИ))
Текст примечания ПОЛНОЕ ОПИСАНИЕ СМ.: Технiчна електродинамiка
440 #0 - ПРОДОЛЖАЕТСЯ ПОД ...
Встроенное поле 001RU\NLR\INFOCOMM18\1000231246
-- 2001#$aТехнiчна електродинамiка
Системный номер (АБИС) связанной записи 4606362
Автор Нац. акад. наук Украïни. Вiддiлення фiз.-техн. пробл. енергетики
Место публикации Киïв
Дата публикации 1979-
Имя издателя, распространителя и т.д. Iн-т електродинамiки
Сведения, относящиеся к заглавию Наук.-прикл. журн.
Заглавие Технiчна електродинамiка
ISSN 0204-3599
801 #0 - ИСТОЧНИК ЗАПИСИ
Страна Российская Федерация
Организация NLR
Правила каталогизации psbo
801 #1 - ИСТОЧНИК ЗАПИСИ
Страна Российская Федерация
Организация ELAR
Источник данных rusmarc
852 ## - МЕСТОНАХОЖДЕНИЕ И ШИФР ХРАНЕНИЯ
Идентификатор организации NLR
Шифр хранения (Call Number) П11/3310
942 ## - ДОПОЛНИТЕЛЬНЫЕ ЭЛЕМЕНТЫ ЗАПИСИ (АБИС)
Тип экземпляра АБИС Журнал
980 ## - КОЛЛЕКЦИЯ
Название коллекции Русская периодика

Нет доступных экземпляров.